Statistics for Taylor Swift - Call It What You Want Lyrics

Click here to take the quiz!

General Stats

  • This quiz has been taken 192 times
  • The average score is 345 of 387

Answer Stats

Answer% Correct
I
99%
it
99%
a
98%
call
98%
Call
98%
the
98%
to
98%
me
97%
me?"
97%
My
97%
my
97%
what
97%
when
97%
you
97%
"You
97%
want
96%
but
95%
But
95%
He
95%
he
95%
like
95%
on
95%
know
94%
So
94%
his
93%
I'm
93%
Not
93%
wear
93%
yeah
93%
Yeah
93%
initial
92%
neck
92%
with
92%
baby's
91%
because
91%
'Cause
91%
'cause
91%
chain
91%
Chain
91%
one
91%
really
91%
knows
90%
'round
90%
owns
89%
they
89%
They
89%
brand
88%
he's
88%
Loves
88%
new
88%
Walkin'
88%
head
87%
is
87%
say
87%
daydream
86%
down
86%
jet
86%
right
86%
than
86%
All
85%
at
85%
At
85%
did
85%
fly
85%
run
85%
scene
85%
walking
85%
was
85%
above
84%
And
84%
away
84%
ever
84%
for
84%
it's
84%
thing
84%
whole
84%
as
83%
calling
83%
can
83%
castle
83%
him
83%
stream
83%
would
83%
are
82%
brought
82%
don't
82%
gunfight
82%
High
82%
knife
82%
crumbled
81%
fit
81%
from
81%
least
81%
more
81%
overnight
81%
up
81%
better
80%
doin'
80%
liars
80%
look
80%
Which
80%
alright
79%
heard
79%
just
79%
November
79%
Holding
78%
months
78%
never
78%
Nobody's
78%
recall
78%
said
78%
nothing
77%
same
77%
time
77%
took
77%
every
76%
keep
76%
kings
76%
mistakes
76%
warm
76%
Bridges
75%
built
75%
burn
75%
fire
75%
late
75%
learn
75%
make
75%
need
75%
night
75%
brother
74%
dressing
74%
save
74%
taking
74%
back
73%
crown
73%
jokers
73%
lover
73%
darkest
72%
queens
72%
flowers
71%
grew
71%
swings
71%
thorns
71%
under
71%
breath
70%
drama
70%
fade
70%
Trust
70%
makin'
69%
storm
69%
laughing
67%
covers
66%
Windows
66%
after
65%
forts
65%
slowly
65%
eyes
64%
boarded
60%
Starry
60%
Yes
57%
sparkin'
55%

Score Distribution

Percentile by Number Answered

Percent of People with Each Score

Your Score History

You have not taken this quiz